[Event "Benidorm 2010 - Sub-2300"]
[Site "Benidorm ESP"]
[Date "2010.12.05"]
[Round "3.7"]
[White "Lara Lopez, Jose"]
[Black "Lopez Colon, Francisco"]
[Result "1-0"]
[WhiteElo "2222"]
[BlackElo "2141"]
[PlyCount "86"]
[EventDate "2010.12.03"]
[EventType "tourn"]
[EventRounds "10"]
[EventCountry "ESP"]
[Source "lmi"]
[SourceDate "2010.12.03"]

1. e4 d6 2. Nc3 g6 3. f4 Bg7 4. Nf3 c5 5. Bc4 Nc6 6. O-O e6 7. d3 a6 8. a3 Nge7
9. Qe1 O-O 10. Qh4 d5 11. Ba2 b5 12. f5 gxf5 13. exd5 Nxd5 14. Nxd5 exd5 15.
Bg5 f6 16. Be3 c4 17. dxc4 bxc4 18. Bxc4 Ne5 19. Bb3 Be6 20. Nd4 Qd7 21. Rad1
Rad8 22. Nxf5 Ng6 23. Qf2 Bxf5 24. Qxf5 Qxf5 25. Rxf5 Ne7 26. Rf3 f5 27. Bg5
Kf7 28. Bxe7 Kxe7 29. Re3+ Kf6 30. Bxd5 Rd6 31. c4 Rfd8 32. b4 Kg5 33. Red3 Bf8
34. a4 R6d7 35. g3 a5 36. b5 Bd6 37. Kg2 Bc5 38. Re1 Re7 39. Rxe7 Bxe7 40. b6
Bc5 41. b7 Re8 42. h4+ Kf6 43. Bf3 Bb6 1-0

[Event "Benidorm 2010 - Sub-2300"]
[Site "Benidorm ESP"]
[Date "2010.12.05"]
[Round "3.8"]
[White "Montalban, Galvez Antoni"]
[Black "Ortega Serra, Marc"]
[Result "0-1"]
[WhiteElo "2163"]
[BlackElo "2213"]
[PlyCount "72"]
[EventDate "2010.12.03"]
[EventType "tourn"]
[EventRounds "10"]
[EventCountry "ESP"]
[Source "lmi"]
[SourceDate "2010.12.03"]

1. Nf3 d5 2. c4 d4 3. e3 c5 4. exd4 cxd4 5. d3 Nc6 6. g3 e5 7. Bg2 Bd6 8. O-O
Nf6 9. b4 Nxb4 10. Re1 Bg4 11. Qb3 Bxf3 12. Bxf3 Qc7 13. Na3 a6 14. Bd2 Nc6 15.
Rab1 Rb8 16. c5 Be7 17. Bxc6+ Qxc6 18. Rxe5 Nd7 19. Nc4 Nxc5 20. Qc2 Ne6 21.
Rb6 Qd7 22. Rexe6 fxe6 23. Ne5 Rc8 24. Qd1 Qd5 25. Qa4+ Kf8 26. f4 g6 27. Bb4
Rc1+ 28. Kf2 Rc7 29. Bxe7+ Kxe7 30. Qa3+ Kf6 31. Nc4 Rhc8 32. Rd6 Qh5 33. Rxe6+
Kxe6 34. Qd6+ Kf7 35. Ne5+ Kg7 36. Qxd4 Rc2+ 0-1

[Event "Benidorm 2010 - Sub-2300"]
[Site "Benidorm ESP"]
[Date "2010.12.05"]
[Round "3.9"]
[White "Orndahl, Markus"]
[Black "Murcia Paredes, Angel"]
[Result "1-0"]
[WhiteElo "2213"]
[BlackElo "2134"]
[PlyCount "69"]
[EventDate "2010.12.03"]
[EventType "tourn"]
[EventRounds "10"]
[EventCountry "ESP"]
[Source "lmi"]
[SourceDate "2010.12.03"]

1. e4 e5 2. Nf3 Nc6 3. Bb5 a6 4. Bxc6 dxc6 5. Nc3 Bd6 6. d4 Bg4 7. dxe5 Bxf3 8.
Qxf3 Bxe5 9. Bf4 Qe7 10. Bxe5 Qxe5 11. O-O-O Nf6 12. Qe3 O-O 13. f4 Qe6 14. Qd3
Rfe8 15. e5 Ng4 16. Qf3 f5 17. h3 Nh6 18. Qd3 Re7 19. Rd2 a5 20. a4 Rb8 21. Qd4
b6 22. Rhd1 Nf7 23. Qf2 h6 24. Kb1 Kh8 25. Rd3 b5 26. Qa7 Rb6 27. axb5 Kh7 28.
Qxa5 Re8 29. Qa2 Qg6 30. Rd7 Nh8 31. Rxc7 cxb5 32. Qa7 Rg8 33. Rdd7 Rc6 34. Nd5
Re6 35. g4 1-0

[Event "Benidorm 2010 - Sub-2300"]
[Site "Benidorm ESP"]
[Date "2010.12.05"]
[Round "3.10"]
[White "Ballesteros Gonzalez, David"]
[Black "Diaz Herrero, Alvaro"]
[Result "1-0"]
[WhiteElo "2211"]
[BlackElo "2133"]
[PlyCount "85"]
[EventDate "2010.12.03"]
[EventType "tourn"]
[EventRounds "10"]
[EventCountry "ESP"]
[Source "lmi"]
[SourceDate "2010.12.03"]

1. d4 Nf6 2. Nf3 b5 3. a4 b4 4. c4 Bb7 5. Nbd2 e6 6. b3 c5 7. e3 Be7 8. Bd3 O-O
9. Bb2 d6 10. Qc2 h6 11. O-O-O Nbd7 12. Rhg1 cxd4 13. exd4 Rc8 14. Kb1 Nd5 15.
Rc1 Nf4 16. Bf1 d5 17. g3 dxc4 18. gxf4 c3 19. Bc4 cxb2 20. Qxb2 Nb6 21. Ne5
Nd5 22. Ne4 Nxf4 23. Nc5 Bxc5 24. dxc5 Qf6 25. Bb5 Nd5 26. Nd7 Qxb2+ 27. Kxb2
Rfd8 28. c6 Ba8 29. Rgd1 a6 30. Rxd5 exd5 31. c7 axb5 32. cxd8=Q+ Rxd8 33. Rc7
d4 34. axb5 Re8 35. b6 Bf3 36. Kc2 Be4+ 37. Kd2 Ra8 38. Ra7 Kh7 39. Rxa8 Bxa8
40. Kd3 Kg6 41. Kxd4 f5 42. Ke5 Kf7 43. Nc5 1-0

[Event "Benidorm 2010 - Sub-2300"]
[Site "Benidorm ESP"]
[Date "2010.12.05"]
[Round "3.11"]
[White "Campo Echevarria, Juan Francisc"]
[Black "Cantero, Antonio"]
[Result "1/2-1/2"]
[WhiteElo "2070"]
[BlackElo "2211"]
[PlyCount "138"]
[EventDate "2010.12.03"]
[EventType "tourn"]
[EventRounds "10"]
[EventCountry "ESP"]
[Source "lmi"]
[SourceDate "2010.12.03"]

1. e4 e5 2. Nf3 Nc6 3. Bb5 a6 4. Ba4 Nf6 5. Qe2 d6 6. c3 Be7 7. O-O Bg4 8. h3
Bh5 9. d3 Qd7 10. Rd1 b5 11. Bb3 h6 12. Nbd2 Na5 13. Bc2 g5 14. Nf1 g4 15. hxg4
Bxg4 16. d4 Qe6 17. a4 Nb3 18. Bxb3 Qxb3 19. axb5 Bxf3 20. Qxf3 Qxb5 21. Ng3
Qb3 22. d5 a5 23. Ra3 Qc2 24. Qd3 Qxd3 25. Rxd3 Kd7 26. Ra4 h5 27. f3 h4 28.
Nf5 Nh5 29. Be3 Ng3 30. Bf2 Ne2+ 31. Kh2 Bg5 32. Be3 Bxe3 33. Nxe3 Rag8 34. Rd2
Ng3 35. Rf2 h3 36. gxh3 Nh5 37. Nf5 Nf4 38. h4 Rg6 39. Ra1 Rhg8 40. b4 axb4 41.
cxb4 Rg2+ 42. Rxg2 Rxg2+ 43. Kh1 Rb2 44. Rg1 Rxb4 45. Rg7 Rb3 46. Rxf7+ Kd8 47.
Rf8+ Kd7 48. Rf7+ Kc8 49. Ng7 Rxf3 50. Ne6 Rh3+ 51. Kg1 Nxe6 52. dxe6 Kd8 53.
Rd7+ Ke8 54. Rxc7 Rxh4 55. Rd7 Rxe4 56. Rxd6 Ke7 57. Rb6 Rf4 58. Kg2 Rf6 59.
Rb7+ Kxe6 60. Rb6+ Kf5 61. Rxf6+ Kxf6 62. Kf3 Kf5 63. Ke3 e4 64. Ke2 Kf4 65.
Kf2 e3+ 66. Ke2 Ke4 67. Ke1 Kd3 68. Kd1 e2+ 69. Ke1 Ke3 1/2-1/2

[Event "Benidorm 2010 - Sub-2300"]
[Site "Benidorm ESP"]
[Date "2010.12.05"]
[Round "3.12"]
[White "Griezne, Edvins"]
[Black "Garcia Trobat, Francisco"]
[Result "1-0"]
[WhiteElo "2012"]
[BlackElo "2291"]
[PlyCount "50"]
[EventDate "2010.12.03"]
[EventType "tourn"]
[EventRounds "10"]
[EventCountry "ESP"]
[Source "lmi"]
[SourceDate "2010.12.03"]

1. d4 Nf6 2. c4 e6 3. Nf3 c5 4. d5 d6 5. Nc3 exd5 6. cxd5 g6 7. e4 Bg7 8. Bd3
O-O 9. Bf4 b5 10. Nxb5 Nxe4 11. Bxe4 Qa5+ 12. Nc3 Ba6 13. Qc2 Re8 14. O-O-O
Bxc3 15. bxc3 Qa3+ 16. Kb1 Nd7 17. Bxd6 Bc4 18. Rd2 Qa6 19. Bg3 Nf6 20. Bd3
Nxd5 21. Ne5 Bxa2+ 22. Qxa2 Nxc3+ 23. Ka1 Qf6 24. Ng4 Qg5 25. Qb2 Na4 1-0

[Event "Benidorm 2010 - Sub-2300"]
[Site "Benidorm ESP"]
[Date "2010.12.05"]
[Round "3.13"]
[White "Martinez Tormo, Jorge"]
[Black "Madina Yadarola, Martin"]
[Result "1/2-1/2"]
[WhiteElo "2182"]
[BlackElo "2289"]
[PlyCount "24"]
[EventDate "2010.12.03"]
[EventType "tourn"]
[EventRounds "10"]
[EventCountry "ESP"]
[Source "lmi"]
[SourceDate "2010.12.03"]

1. e4 Nf6 2. e5 Nd5 3. d4 d6 4. Bc4 c6 5. Qe2 dxe5 6. dxe5 Bf5 7. Nf3 e6 8. O-O
Nd7 9. h3 Be7 10. a3 Bg6 11. Ba2 b5 12. Nd4 Qb6 1/2-1/2

[Event "Benidorm 2010 - Sub-2300"]
[Site "Benidorm ESP"]
[Date "2010.12.05"]
[Round "3.14"]
[White "Lillo Castay, Victor"]
[Black "Lillo Ferrer, Jose Maria M"]
[Result "1/2-1/2"]
[WhiteElo "2288"]
[BlackElo "2175"]
[PlyCount "28"]
[EventDate "2010.12.03"]
[EventType "tourn"]
[EventRounds "10"]
[EventCountry "ESP"]
[Source "lmi"]
[SourceDate "2010.12.03"]

1. e4 d6 2. d4 g6 3. Nf3 Bg7 4. Be2 Nf6 5. Nc3 O-O 6. O-O Nc6 7. d5 Nb8 8. a4
c6 9. h3 Nbd7 10. Re1 Nc5 11. Bf1 Bd7 12. a5 b5 13. dxc6 Bxc6 14. Nd4 Bb7
1/2-1/2

[Event "Benidorm 2010 - Sub-2300"]
[Site "Benidorm ESP"]
[Date "2010.12.05"]
[Round "3.15"]
[White "Finol Berrueta, David Emmanuel"]
[Black "Goormachtigh, Johan"]
[Result "1-0"]
[WhiteElo "2175"]
[BlackElo "2287"]
[PlyCount "49"]
[EventDate "2010.12.03"]
[EventType "tourn"]
[EventRounds "10"]
[EventCountry "ESP"]
[Source "lmi"]
[SourceDate "2010.12.03"]

1. e4 c5 2. c3 Nf6 3. e5 Nd5 4. d4 cxd4 5. Nf3 e6 6. cxd4 d6 7. Bc4 Nb6 8. Bb3
dxe5 9. Nxe5 Nc6 10. Nxc6 bxc6 11. O-O Be7 12. Nc3 O-O 13. Be3 Nd5 14. Qf3 a5
15. Rac1 Ba6 16. Rfd1 Qb8 17. Na4 Rd8 18. Qg4 Bb5 19. Nc3 a4 20. Bxd5 cxd5 21.
Bf4 Bd6 22. Bh6 g6 23. Qh4 Re8 24. Nxb5 Qxb5 25. Qf6 1-0

[Event "Benidorm 2010 - Sub-2300"]
[Site "Benidorm ESP"]
[Date "2010.12.05"]
[Round "3.16"]
[White "Saleh, Nagueb"]
[Black "Martinez Rodriguez, Pablo"]
[Result "1/2-1/2"]
[WhiteElo "2172"]
[BlackElo "2286"]
[PlyCount "37"]
[EventDate "2010.12.03"]
[EventType "tourn"]
[EventRounds "10"]
[EventCountry "ESP"]
[Source "lmi"]
[SourceDate "2010.12.03"]

1. Nf3 Nf6 2. c4 e6 3. Nc3 d5 4. d4 Bb4 5. e3 O-O 6. Bd2 Nc6 7. Qc2 a6 8. a3
Be7 9. Rd1 dxc4 10. Bxc4 Bd6 11. Ne4 Nxe4 12. Qxe4 Qe7 13. Bc3 Bd7 14. O-O b5
15. Be2 b4 16. axb4 Nxb4 17. Bxb4 Bxb4 18. Ne5 Bd6 19. Nxd7 1/2-1/2

[Event "Benidorm 2010 - Sub-2300"]
[Site "Benidorm ESP"]
[Date "2010.12.05"]
[Round "3.20"]
[White "Acebal Muniz, Antonio"]
[Black "Villuendas Valero, Adrian"]
[Result "0-1"]
[WhiteElo "2166"]
[BlackElo "2269"]
[PlyCount "44"]
[EventDate "2010.12.03"]
[EventType "tourn"]
[EventRounds "10"]
[EventCountry "ESP"]
[Source "lmi"]
[SourceDate "2010.12.03"]

1. Nf3 d5 2. d4 Nf6 3. c4 dxc4 4. e3 Be6 5. Na3 g6 6. Nxc4 Bg7 7. Bd3 O-O 8.
Qe2 c5 9. O-O Nc6 10. dxc5 Qd5 11. e4 Qxc5 12. Be3 Qh5 13. Rac1 Rfd8 14. Rfd1
Rac8 15. b3 Ng4 16. Bf4 Nd4 17. Nxd4 Bxd4 18. Bg3 Nf6 19. Qxh5 Nxh5 20. Bh4 b5
21. Na5 Rxc1 22. Rxc1 Bb6 0-1

[Event "Benidorm 2010 - Sub-2300"]
[Site "Benidorm ESP"]
[Date "2010.12.05"]
[Round "3.31"]
[White "Remolar Gallen, Jose"]
[Black "Exposito Amaro, Josue"]
[Result "0-1"]
[WhiteElo "2040"]
[BlackElo "2226"]
[PlyCount "50"]
[EventDate "2010.12.03"]
[EventType "tourn"]
[EventRounds "10"]
[EventCountry "ESP"]
[Source "lmi"]
[SourceDate "2010.12.03"]

1. e4 c5 2. Nf3 Nc6 3. Bb5 e6 4. Bxc6 bxc6 5. e5 f6 6. O-O fxe5 7. Nxe5 Nf6 8.
d3 Be7 9. b3 Qc7 10. Qe1 O-O 11. Nc3 Nd5 12. Nxd5 cxd5 13. Bb2 Bf6 14. Rb1 d4
15. Ng4 Be7 16. b4 Bb7 17. Qe5 Bd6 18. Qh5 Rf5 19. Qh4 h5 20. h3 hxg4 21. hxg4
Rf4 22. f3 cxb4 23. Bc1 Rf7 24. Qh5 Qc5 25. g5 Qf5 0-1

[Event "Benidorm 2010 - Sub-2300"]
[Site "Benidorm ESP"]
[Date "2010.12.05"]
[Round "3.53"]
[White "Do Santos Julio, Joao Manuel"]
[Black "Rios Garcia, Miguel"]
[Result "1-0"]
[WhiteElo "2111"]
[BlackElo "2030"]
[PlyCount "41"]
[EventDate "2010.12.03"]
[EventType "tourn"]
[EventRounds "10"]
[EventCountry "ESP"]
[Source "lmi"]
[SourceDate "2010.12.03"]

1. e4 c5 2. Nf3 g6 3. d4 cxd4 4. Nxd4 Bg7 5. c4 d6 6. Nc3 Nf6 7. Be2 O-O 8. Be3
Nc6 9. O-O Bd7 10. Rc1 Nxd4 11. Bxd4 Bc6 12. f3 Bh6 13. Rc2 Nh5 14. g3 Qd7 15.
Nd5 Bxd5 16. cxd5 Qh3 17. Rf2 Rac8 18. Rxc8 Rxc8 19. f4 Nxg3 20. Bg4 Qh4 21.
hxg3 1-0

[Event "Benidorm 2010 - Sub-2300"]
[Site "Benidorm ESP"]
[Date "2010.12.05"]
[Round "3.63"]
[White "Egan, Colm"]
[Black "Bas Mas, Jose Joaquin"]
[Result "0-1"]
[WhiteElo "2047"]
[BlackElo "2111"]
[PlyCount "50"]
[EventDate "2010.12.03"]
[EventType "tourn"]
[EventRounds "10"]
[EventCountry "ESP"]
[Source "lmi"]
[SourceDate "2010.12.03"]

1. d4 Nf6 2. Nf3 c5 3. d5 e6 4. c4 b5 5. e3 Bb7 6. dxe6 fxe6 7. cxb5 d5 8. Be2
Bd6 9. O-O O-O 10. Nc3 Nbd7 11. a4 Qe7 12. a5 Rad8 13. a6 Ba8 14. b3 e5 15. Ba3
e4 16. Ne1 Ne5 17. Rc1 d4 18. Qc2 d3 19. Qd2 dxe2 20. Qxe2 Qf7 21. Qc2 Nd3 22.
Rd1 Ng4 23. g3 Ngxf2 24. Nxd3 Nh3+ 25. Kg2 exd3+ 0-1

[Event "Benidorm 2010 - Sub-2300"]
[Site "Benidorm ESP"]
[Date "2010.12.05"]
[Round "3.80"]
[White "Sabater Robles, Rafael"]
[Black "Cucarella Montell, Angels"]
[Result "1-0"]
[WhiteElo "2037"]
[BlackElo "1980"]
[PlyCount "77"]
[EventDate "2010.12.03"]
[EventType "tourn"]
[EventRounds "10"]
[EventCountry "ESP"]
[Source "lmi"]
[SourceDate "2010.12.03"]

1. e4 c5 2. Nf3 e6 3. d4 cxd4 4. Nxd4 Nc6 5. Nc3 Qc7 6. Be3 a6 7. Bd3 Nf6 8.
O-O Ne5 9. h3 Bc5 10. f4 Nc6 11. Nf5 Qb6 12. Nxg7+ Kf8 13. Nxe6+ dxe6 14. Bxc5+
Qxc5+ 15. Kh1 Qh5 16. Be2 Qh4 17. f5 Ke7 18. Qd2 Rd8 19. Qe3 Ke8 20. e5 Nd5 21.
Nxd5 Rxd5 22. Bf3 Rd8 23. f6 Qd4 24. Bxc6+ bxc6 25. Qg5 Qc5 26. Rad1 Bb7 27.
Rd6 Rxd6 28. Qg8+ Kd7 29. Qxf7+ Kc8 30. Qf8+ Kc7 31. Qe7+ Kb6 32. exd6 Rg8 33.
d7 Qd5 34. Rf3 c5 35. d8=Q+ Rxd8 36. Rb3+ Ka7 37. Rxb7+ Qxb7 38. Qxd8 c4 39.
Qe7 1-0

[Event "Benidorm 2010 - Sub-2300"]
[Site "Benidorm ESP"]
[Date "2010.12.06"]
[Round "4.1"]
[White "Nava Pereda, Carlos"]
[Black "Orndahl, Markus"]
[Result "0-1"]
[WhiteElo "2258"]
[BlackElo "2213"]
[PlyCount "69"]
[EventDate "2010.12.03"]
[EventType "tourn"]
[EventRounds "10"]
[EventCountry "ESP"]
[Source "lmi"]
[SourceDate "2010.12.03"]

1. Nf3 Nf6 2. c4 c6 3. g3 d5 4. Bg2 g6 5. b3 Bg7 6. Bb2 O-O 7. d3 Bg4 8. Nbd2
Re8 9. h3 Bxf3 10. Nxf3 Qa5+ 11. Qd2 Qxd2+ 12. Kxd2 e6 13. Kc2 a5 14. a3 Na6
15. Ne5 Re7 16. Bc3 Nd7 17. f4 Nxe5 18. fxe5 Nc5 19. d4 Nd7 20. e4 dxc4 21.
bxc4 c5 22. dxc5 Bxe5 23. Bxe5 Nxe5 24. Kc3 Rc8 25. Kd4 f6 26. Rhd1 Rd7+ 27.
Kc3 Rxc5 28. Rxd7 Rxc4+ 29. Kb3 a4+ 30. Kb2 Nxd7 31. Rc1 Rxc1 32. Kxc1 Kf7 33.
Kd2 Ke7 34. Kc3 Nc5 35. Bf1 0-1

[Event "Benidorm 2010 - Sub-2300"]
[Site "Benidorm ESP"]
[Date "2010.12.06"]
[Round "4.2"]
[White "Lara Lopez, Jose"]
[Black "Prieto Aranguren, Alain"]
[Result "1/2-1/2"]
[WhiteElo "2222"]
[BlackElo "2179"]
[PlyCount "119"]
[EventDate "2010.12.03"]
[EventType "tourn"]
[EventRounds "10"]
[EventCountry "ESP"]
[Source "lmi"]
[SourceDate "2010.12.03"]

1. e4 c6 2. d4 d5 3. Nc3 b5 4. a3 a6 5. Be3 dxe4 6. Nxe4 Bf5 7. Ng3 Bg6 8. a4
Nd7 9. d5 cxd5 10. Qxd5 e6 11. Qd2 b4 12. Nf3 Ngf6 13. Bc4 Be7 14. a5 O-O 15.
Qe2 Qc8 16. O-O Ne4 17. Bd4 Ndf6 18. Ne5 Nd6 19. Nxg6 hxg6 20. Bb3 Nb5 21. Be3
Qc6 22. Rfd1 Nc7 23. Bd4 Rfd8 24. Qc4 Qb7 25. Be5 Rxd1+ 26. Rxd1 Ncd5 27. Ne4
Rc8 28. Qe2 Nxe4 29. Qxe4 Qb5 30. Bxd5 exd5 31. Qxd5 Qxd5 32. Rxd5 Rxc2 33. Kf1
Bc5 34. Bd4 Bxd4 35. Rxd4 Rxb2 36. Rd6 b3 37. Rb6 Kf8 38. g3 Ra2 39. Rxb3 Rxa5
40. Rb7 Ra1+ 41. Ke2 a5 42. h4 a4 43. Ra7 a3 44. Kd2 a2 45. Ke2 Ke8 46. Kf3 Kd8
47. Kg2 Kc8 48. Kf3 Kb8 49. Ra4 Kb7 50. Ra5 Kb6 51. Ra8 Kb5 52. Rb8+ Kc4 53.
Rc8+ Kb3 54. Rb8+ Kc2 55. Rc8+ Kd1 56. Ra8 Kd2 57. Kg2 Kd3 58. Kf3 Kd4 59. Ra4+
Ke5 60. Ra5+ 1/2-1/2

[Event "Benidorm 2010 - Sub-2300"]
[Site "Benidorm ESP"]
[Date "2010.12.06"]
[Round "4.3"]
[White "Ortega Serra, Marc"]
[Black "Griezne, Edvins"]
[Result "0-1"]
[WhiteElo "2213"]
[BlackElo "2012"]
[PlyCount "84"]
[EventDate "2010.12.03"]
[EventType "tourn"]
[EventRounds "10"]
[EventCountry "ESP"]
[Source "lmi"]
[SourceDate "2010.12.03"]

1. d4 d5 2. c4 c6 3. Nc3 Nf6 4. cxd5 cxd5 5. Bf4 Nc6 6. e3 Bf5 7. Bd3 Bxd3 8.
Qxd3 e6 9. Rc1 Bd6 10. Bxd6 Qxd6 11. f4 O-O 12. Nf3 Rac8 13. O-O a6 14. Ne5 Rc7
15. g4 Rfc8 16. g5 Ne8 17. Nxc6 Rxc6 18. Rf2 Qe7 19. Rcf1 Nd6 20. h4 b5 21. a3
Nc4 22. Na2 Qb7 23. Qe2 a5 24. h5 Nd6 25. Qe1 Ne4 26. Rg2 Qb6 27. f5 exf5 28.
Rxf5 Rc2 29. Nc3 Rxg2+ 30. Kxg2 Qe6 31. Rf4 Nxg5 32. Qg3 h6 33. Qg4 b4 34. axb4
axb4 35. Nd1 Qxg4+ 36. Rxg4 Rc2+ 37. Kf1 Rd2 38. Nf2 Rxb2 39. Nd3 Rb1+ 40. Ke2
b3 41. Rg2 Ra1 42. Rg4 b2 0-1

[Event "Benidorm 2010 - Sub-2300"]
[Site "Benidorm ESP"]
[Date "2010.12.06"]
[Round "4.4"]
[White "Recuero Guerra, Javier"]
[Black "Serra Pages, Jordi"]
[Result "1/2-1/2"]
[WhiteElo "2287"]
[BlackElo "2231"]
[PlyCount "185"]
[EventDate "2010.12.03"]
[EventType "tourn"]
[EventRounds "10"]
[EventCountry "ESP"]
[Source "lmi"]
[SourceDate "2010.12.03"]

1. d4 Nf6 2. Bf4 g6 3. e3 Bg7 4. h3 O-O 5. Nf3 c5 6. c3 Qb6 7. Qb3 Qxb3 8. axb3
cxd4 9. exd4 d6 10. Nbd2 Bf5 11. g4 Be6 12. Bg2 h5 13. g5 Nd5 14. Bh2 Nb6 15.
O-O Nc6 16. Rfe1 Bd5 17. Re2 Rfe8 18. Rae1 Rad8 19. Ne4 Bxe4 20. Rxe4 d5 21.
R4e2 Rd7 22. h4 a5 23. Re3 e6 24. Bf1 Nc8 25. Bb5 N8a7 26. Bd3 Bf8 27. Ra1 Bd6
28. Ree1 Bxh2+ 29. Kxh2 Rb8 30. Kg3 b5 31. Kf4 Kg7 32. Nd2 Rdb7 33. Rec1 Rd7
34. Bf1 Rdb7 35. Nf3 Rd7 36. Ne1 Nc8 37. Nd3 Ra7 38. Nc5 N8e7 39. Bd3 Nf5 40.
Bxf5 gxf5 41. b4 axb4 42. Rxa7 Nxa7 43. Na6 Rc8 44. Nxb4 Nc6 45. Nd3 Rb8 46.
Ke3 Ne7 47. Nf4 Rh8 48. Ra1 Ng6 49. Ra5 Nxf4 50. Kxf4 Rb8 51. Ra3 Kg6 52. Ke5
Rb6 53. Rb3 Ra6 54. Rxb5 Ra1 55. Kf4 Rh1 56. Kg3 f4+ 57. Kg2 Rb1 58. Kf3 Rh1
59. Kg2 Rb1 60. Rb7 f6 61. gxf6 Kxf6 62. Kf3 e5 63. dxe5+ Kxe5 64. Rb5 Rc1 65.
Rc5 Rc2 66. Rb5 Rc1 67. Rb4 Rc2 68. Rb6 Rd2 69. Rb8 Rd3+ 70. Kg2 Rd2 71. Rb4
Rd1 72. Rb5 Rc1 73. Kf3 Rc2 74. Rb8 Rd2 75. Re8+ Kf6 76. Re2 Rd3+ 77. Kxf4 Rh3
78. Rd2 Rxh4+ 79. Kg3 Rg4+ 80. Kf3 Ke5 81. Re2+ Kf5 82. Rd2 Ke5 83. Re2+ Kf5
84. Re8 Rh4 85. Rd8 Rh3+ 86. Kg2 Rd3 87. Rh8 Kg4 88. Rg8+ Kf4 89. Rf8+ Kg5 90.
Rg8+ Kf4 91. Rf8+ Kg5 92. Rc8 Kg4 93. Rg8+ 1/2-1/2

[Event "Benidorm 2010 - Sub-2300"]
[Site "Benidorm ESP"]
[Date "2010.12.06"]
[Round "4.8"]
[White "Torres Ventosa, Pedro Eugenio"]
[Black "Pribeanu, Mihail-Dacian"]
[Result "1/2-1/2"]
[WhiteElo "2277"]
[BlackElo "2210"]
[PlyCount "55"]
[EventDate "2010.12.03"]
[EventType "tourn"]
[EventRounds "10"]
[EventCountry "ESP"]
[Source "lmi"]
[SourceDate "2010.12.03"]

1. e4 c6 2. c4 d5 3. exd5 cxd5 4. cxd5 Nf6 5. Nc3 Nxd5 6. d4 Nc6 7. Nf3 e6 8.
Bc4 Nb6 9. Bb3 Be7 10. O-O O-O 11. Bf4 Nb4 12. Re1 N4d5 13. Bg3 Bd7 14. a3 Bc6
15. Ne5 Rc8 16. Qd3 Bf6 17. Ne4 g6 18. Rad1 Bg7 19. h4 Ba4 20. Bxa4 Nxa4 21.
Qe2 Ne7 22. Ng5 Qd5 23. Nd3 Nf5 24. Nf4 Qb3 25. d5 Rc2 26. Qg4 e5 27. Nd3 Nxg3
28. Qxg3 1/2-1/2

[Event "Benidorm 2010 - Sub-2300"]
[Site "Benidorm ESP"]
[Date "2010.12.06"]
[Round "4.10"]
[White "Ladron De Guevara Pinto, Paolo"]
[Black "Diogo, Vasco"]
[Result "1-0"]
[WhiteElo "2232"]
[BlackElo "2285"]
[PlyCount "71"]
[EventDate "2010.12.03"]
[EventType "tourn"]
[EventRounds "10"]
[EventCountry "ESP"]
[Source "lmi"]
[SourceDate "2010.12.03"]

1. e4 c5 2. Nf3 d6 3. d4 cxd4 4. Nxd4 Nf6 5. Nc3 a6 6. Bc4 e6 7. O-O b5 8. Bb3
b4 9. Na4 Nxe4 10. Re1 d5 11. Bf4 Be7 12. Bxb8 Rxb8 13. Nc6 Qc7 14. Nxb8 Qxb8
15. c4 bxc3 16. Nxc3 Nxc3 17. bxc3 O-O 18. Bxd5 Rd8 19. Qb3 Qa7 20. Bf3 Bc5 21.
Qb2 Bd7 22. Red1 Rc8 23. Rab1 Bb5 24. Qd2 Ba3 25. Be2 Ba4 26. Qd4 Qxd4 27. Rxd4
Bc2 28. Bxa6 Ra8 29. Rb7 h6 30. Bd3 Ba4 31. Bb5 Bc2 32. Rbd7 Kh7 33. Bd3+ Bxd3
34. Rxd3 Kg6 35. Rg3+ Kf6 36. Rf3+ 1-0

[Event "Benidorm 2010 - Sub-2300"]
[Site "Benidorm ESP"]
[Date "2010.12.06"]
[Round "4.10"]
[White "Villuendas Valero, Adrian"]
[Black "Suarez Roa, Jose Francisco"]
[Result "1/2-1/2"]
[WhiteElo "2269"]
[BlackElo "2209"]
[PlyCount "24"]
[EventDate "2010.12.03"]
[EventType "tourn"]
[EventRounds "10"]
[EventCountry "ESP"]
[Source "lmi"]
[SourceDate "2010.12.03"]

1. d4 d5 2. Bf4 c5 3. e3 Bf5 4. Bd3 Bxd3 5. Qxd3 Nd7 6. Nf3 Ngf6 7. O-O Nh5 8.
Nbd2 e6 9. Bg5 Be7 10. Bxe7 Qxe7 11. e4 dxe4 12. Qxe4 Nhf6 1/2-1/2

[Event "Benidorm 2010 - Sub-2300"]
[Site "Benidorm ESP"]
[Date "2010.12.06"]
[Round "4.12"]
[White "Mirete Bernabe, Marco Antonio"]
[Black "Voiteanu, Gabriel"]
[Result "1/2-1/2"]
[WhiteElo "2202"]
[BlackElo "2262"]
[PlyCount "52"]
[EventDate "2010.12.03"]
[EventType "tourn"]
[EventRounds "10"]
[EventCountry "ESP"]
[Source "lmi"]
[SourceDate "2010.12.03"]

1. d4 Nf6 2. Nf3 g6 3. g3 Bg7 4. Bg2 O-O 5. O-O d5 6. c4 dxc4 7. Nc3 Nfd7 8. e4
Nb6 9. a4 a5 10. Be3 Bg4 11. Qd2 Nc6 12. d5 Bxf3 13. Bxf3 Nb4 14. Be2 Rc8 15.
Rfd1 Qd7 16. Bxb6 cxb6 17. Nb5 Rc5 18. Rac1 Rfc8 19. Na7 c3 20. bxc3 Bxc3 21.
Qf4 Rd8 22. Nb5 Bb2 23. Rxc5 bxc5 24. Bg4 Be5 25. Qg5 Bf6 26. Qf4 Be5 1/2-1/2

[Event "Benidorm 2010 - Sub-2300"]
[Site "Benidorm ESP"]
[Date "2010.12.06"]
[Round "4.24"]
[White "Amdouni, Zoubaier"]
[Black "Osuna Munoz, Javier"]
[Result "1-0"]
[WhiteElo "2233"]
[BlackElo "2106"]
[PlyCount "40"]
[EventDate "2010.12.03"]
[EventType "tourn"]
[EventRounds "10"]
[EventCountry "ESP"]
[Source "lmi"]
[SourceDate "2010.12.03"]

1. e4 e6 2. d4 d5 3. Nc3 Bb4 4. e5 b6 5. Qg4 Kf8 6. Bg5 Qd7 7. O-O-O Ba6 8.
Nge2 h6 9. Be3 Ne7 10. Ng3 g6 11. Qf3 Bxf1 12. Nxf1 Nbc6 13. h4 Nf5 14. Nh2 Be7
15. h5 g5 16. g4 Ng7 17. Kb1 Rc8 18. Qe2 f5 19. f4 Qd8 20. Qb5 Kf7 1-0

[Event "Benidorm 2010 - Sub-2300"]
[Site "Benidorm ESP"]
[Date "2010.12.06"]
[Round "4.25"]
[White "Del Valle Cirera, Adria"]
[Black "Muelas Cerezuela, Jose"]
[Result "1/2-1/2"]
[WhiteElo "2224"]
[BlackElo "2105"]
[PlyCount "36"]
[EventDate "2010.12.03"]
[EventType "tourn"]
[EventRounds "10"]
[EventCountry "ESP"]
[Source "lmi"]
[SourceDate "2010.12.03"]

1. e4 e6 2. d4 d5 3. Nc3 Nf6 4. Bg5 Bb4 5. Nge2 dxe4 6. a3 Be7 7. Bxf6 Bxf6 8.
Nxe4 b6 9. Qd3 Nd7 10. O-O-O Bb7 11. f4 Be7 12. Kb1 Nf6 13. N2c3 Nxe4 14. Nxe4
Qd5 15. Nc3 Qa5 16. Be2 O-O 17. Bf3 Bxf3 18. Qxf3 Rad8 1/2-1/2

[Event "Benidorm 2010 - Sub-2300"]
[Site "Benidorm ESP"]
[Date "2010.12.06"]
[Round "4.36"]
[White "Machin Arbelo, Pedro Alexis"]
[Black "Rocabert Andreu, Guillem A"]
[Result "0-1"]
[WhiteElo "2053"]
[BlackElo "2227"]
[PlyCount "50"]
[EventDate "2010.12.03"]
[EventType "tourn"]
[EventRounds "10"]
[EventCountry "ESP"]
[Source "lmi"]
[SourceDate "2010.12.03"]

1. d4 d5 2. Nc3 Nf6 3. Bg5 Bf5 4. e3 e6 5. Nf3 Be7 6. Bd3 Bg6 7. Qe2 Nbd7 8.
Bxg6 hxg6 9. Qb5 Rb8 10. Ne5 c6 11. Qd3 Nxe5 12. dxe5 Nd7 13. Bxe7 Qxe7 14.
O-O-O Nxe5 15. Qd4 Qf6 16. Qxa7 O-O 17. Qd4 c5 18. Qxc5 Rfc8 19. Qd4 Rc4 20.
Qd2 b5 21. b3 Rc5 22. Nb1 Rbc8 23. Na3 Nc6 24. b4 Qa1+ 25. Nb1 Nxb4 0-1